00960pam a22002297a 4500999001700000008004100017020002200058020002500080043001200105050002400117100003900141245010300180260005800283300004400341504006400385600003300449610004600482650004000528700002400568942001500592952012300607 c17366d17366070522s2006 ie a b 001 0 eng d a1846820235 (hbk.) a9781846820236 (hbk.) ae-ie---00aNA5491.C614L39 20061 aLawrence, David,d1942 November 4-14aThe Cathedral of St Fin Barre at Cork :bWilliam Burges in Ireland /cDavid Lawrence & Ann Wilson. aDublin ;aPortland, Or. :bFour Courts Press,cc2006. a200 p. :bill. (chiefly col.) ;c26 cm. aIncludes bibliographical references (p. 195-197) and index.10aBurges, William,d1827-1881.20aSt. Fin Barre's Cathedral (Cork, Ireland) 0aChurch architecturezIrelandzCork.1 aWilson, Ann,d1944- 2lcccBOOKS 00102lcc4070aMUCbMUCc%d2016-11-23edonation (BFA)l0oNA5491.C614L39 2006p28354r2016-11-23w2016-11-23yBOOKS